| 000 | 00857nam a22002657a 4500 | ||
|---|---|---|---|
| 005 | 20210325175859.0 | ||
| 008 | s2542 th tha d | ||
| 020 | _a9748338959 | ||
| 041 | _atha | ||
| 050 | _aBQ4190 พ335ก1 2542 | ||
| 100 | 0 | _aพระธรรมปิฎก (ป. อ. ปยุตฺโต) | |
| 245 | 1 | 0 | _aกรณีธรรมกาย (ฉบับคัดตัวอย่าง) [12th] |
| 260 | 3 |
_aกรุงเทพฯ : _bธรรมสาร, _c2542 |
|
| 300 |
_a129 หน้า ; _b 21 ซม. |
||
| 650 | 0 | 4 | _aการทำบุญ |
| 650 | 0 | 4 | _aธรรมกาย |
| 650 | 0 | 4 | _aพระไตรปิฎก |
| 650 | 0 | 4 | _aนิพพาน |
| 650 | 0 | 4 | _aบุญ |
| 650 | 0 | 4 | _aอัตตา |
| 850 | _aNALT | ||
| 942 | _cGB | ||
| 997 | _c000000000007925 | ||
| 998 | _aNOOPIN | ||
| 999 |
_c7925 _d7925 |
||